[Event "Enger Knappen Cup op-A"]
[Site "Enger"]
[Date "2009.12.28"]
[Round "3"]
[White "Kolakovic, Klaudio"]
[Black "Kopp, Daniel"]
[Result "1-0"]
[WhiteElo "2056"]
[BlackElo "1928"]
[PlyCount "83"]
[EventDate "2009.12.27"]
[EventType "swiss"]
[EventRounds "7"]
[EventCountry "GER"]
[SourceTitle "EXT 2011"]
[Source "ChessBase"]
[SourceDate "2010.11.26"]
[SourceVersion "1"]
[SourceVersionDate "2010.11.26"]
[SourceQuality "1"]

1. d4 Nf6 2. Bg5 e6 3. e4 Be7 4. e5 Nd5 5. Bd2 Nc6 6. Nf3 f6 7. c4 Nb6 8. Bd3 0-0 9. Qc2 h6 10. a3 fxe5 11. dxe5 d6 12. Nc3 dxe5 13. 0-0-0 Rxf3 14. Bh7+ Kh8 15. gxf3 Nd4 16. Qd3 Nb3+ 17. Kc2 Nxd2 18. Rxd2 Qxd3+ 19. Bxd3 Bd7 20. Be4 c6 21. Bg6 Rf8 22. Be4 Be8 23. b3 Nd7 24. b4 Nf6 25. Rhd1 Bh5 26. Re1 g5 27. Na4 Nxe4 28. fxe4 Be8 29. Nc5 a5 30. Re3 axb4 31. axb4 b6 32. Nd3 g4 33. Re1 Bd6 34. Kc3 Bc7 35. Red1 Bg6 36. Ra2 Rd8 37. Ra7 Bd6 38. Rb7 Bh5 39. Re1 Ra8 40. Rxb6 Ra3+ 41. Kc2 Be8 42. c5 1-0

[Event "Lippe Cup 06th"]
[Site "Lieme"]
[Date "2009.10.18"]
[Round "5"]
[White "Mohrmann, Thomas"]
[Black "Kopp, Daniel"]
[Result "1-0"]
[WhiteElo "1988"]
[BlackElo "1741"]
[PlyCount "113"]
[EventDate "2009.10.16"]
[EventType "swiss"]
[EventRounds "5"]
[EventCountry "GER"]
[SourceTitle "EXT 2012"]
[Source "ChessBase"]
[SourceDate "2011.11.24"]
[SourceVersion "1"]
[SourceVersionDate "2011.11.24"]
[SourceQuality "1"]

1. d4 Nf6 2. c4 c5 3. d5 b5 4. cxb5 a6 5. bxa6 Bxa6 6. Nc3 d6 7. e4 Bxf1 8. Kxf1 g6 9. g3 Bg7 10. Nge2 0-0 11. Kg2 Qb6 12. Qc2 Na6 13. Bf4 Nb4 14. Qd2 Nd7 15. a3 Na6 16. Rab1 Rfb8 17. b3 Qa5 18. Na4 Qxd2 19. Bxd2 Rb7 20. f4 Rab8 21. Nc1 Nc7 22. Nb2 Nb5 23. Nc4 Bc3 24. a4 Bxd2 25. Nxd2 Nc3 26. Ra1 Ra8 27. Re1 Nb5 28. Ne2 Nc7 29. Reb1 Na6 30. Nc4 Nb4 31. Na3 Nf6 32. Kf3 Nd7 33. Nc3 f6 34. Ncb5 Kf7 35. g4 Nb6 36. Rc1 Nc8 37. Ke3 Na7 38. Nxa7 Raxa7 39. Nb5 Nc2+ 40. Rxc2 Rxb5 41. Ra3 Rb6 42. Kd3 Rab7 43. Rc3 Rb4 44. a5 Ra7 45. Rc4 Rb5 46. Rca4 e6 47. dxe6+ Kxe6 48. Kc4 Rb8 49. b4 cxb4 50. Rxb4 Rc8+ 51. Kd4 Rc5 52. a6 Rc6 53. f5+ Kd7 54. Rb7+ Rxb7 55. axb7 Kc7 56. Kd5 Kxb7 57. Ra7+ 1-0

[Event "Bielefeld Gr7"]
[Site "Bielefeld"]
[Date "2006.06.05"]
[Round "7"]
[White "Kopp, Daniel"]
[Black "Spisla, Dominik"]
[Result "1-0"]
[WhiteElo "1508"]
[BlackElo "1492"]
[PlyCount "65"]
[EventDate "2006.06.02"]
[EventType "tourn"]
[EventRounds "7"]
[EventCountry "GER"]
[SourceTitle "EXT 2007"]
[Source "ChessBase"]
[SourceDate "2006.11.23"]
[SourceVersion "1"]
[SourceVersionDate "2006.11.23"]
[SourceQuality "1"]

1. d4 Nf6 2. c4 g6 3. Nc3 d5 4. e3 c6 5. Nf3 Bg7 6. Bd3 0-0 7. 0-0 Nbd7 8. b3 b6 9. a4 Bb7 10. cxd5 cxd5 11. Ba3 Re8 12. Qe2 Rc8 13. Rac1 e5 14. dxe5 Nxe5 15. Bb5 Nxf3+ 16. Qxf3 Bc6 17. Rfd1 Bxb5 18. Nxb5 Rxc1 19. Rxc1 a5 20. Nd6 Re6 21. Rc8 Rxd6 22. Rxd8+ Rxd8 23. h3 Ne4 24. Qe2 Nc3 25. Qa6 Nb1 26. Qxb6 Rc8 27. Bd6 Nd2 28. Qxa5 Nxb3 29. Qa6 Rc1+ 30. Kh2 Bb2 31. Qa8+ Kg7 32. Bf8+ Kf6 33. Qd8+ 1-0

[Event "Bielefeld Gr7"]
[Site "Bielefeld"]
[Date "2006.06.03"]
[Round "2"]
[White "Kopp, Daniel"]
[Black "Huber, Helmut"]
[Result "1/2-1/2"]
[WhiteElo "1508"]
[BlackElo "1546"]
[PlyCount "83"]
[EventDate "2006.06.02"]
[EventType "tourn"]
[EventRounds "7"]
[EventCountry "GER"]
[SourceTitle "EXT 2007"]
[Source "ChessBase"]
[SourceDate "2006.11.23"]
[SourceVersion "1"]
[SourceVersionDate "2006.11.23"]
[SourceQuality "1"]

1. d4 Nf6 2. c4 g6 3. Nc3 d5 4. cxd5 Nxd5 5. e4 Nxc3 6. bxc3 Bg7 7. Ne2 0-0 8. Ng3 c5 9. Bb2 Qa5 10. Ne2 cxd4 11. Nxd4 Rd8 12. Qd2 Nc6 13. Nxc6 Rxd2 14. Nxa5 Rxb2 15. Rc1 Rxa2 16. Nc4 Be6 17. Ne3 Rc8 18. c4 Bh6 19. g3 Bxe3 20. fxe3 Ra4 21. Kf2 Bxc4 22. Bd3 Ra2+ 23. Kf3 b5 24. h4 Rd2 25. Bxc4 bxc4 26. Rc3 Rd3 27. Rhc1 Rxc3 28. Rxc3 e5 29. Ke2 f5 30. exf5 gxf5 31. Kd2 h5 32. Ra3 c3+ 33. Kc2 Rc7 34. Ra5 Kf7 35. Rxe5 Kf6 36. Ra5 Re7 37. Kd3 c2 38. Rc5 Rd7+ 39. Kxc2 Ke6 40. Rc6+ Rd6 41. Rc7 Rd7 42. Rc6+ 1/2-1/2